Cautious welcome for plans to curb red tape (Record no. 65552)

MARC details
000 -LEADER
fixed length control field 00780cam a2200193 4500
001 - CONTROL NUMBER
control field WB3648-06
008 - FIXED-LENGTH DATA ELEMENTS--GENERAL INFORMATION
fixed length control field 000000n2000 000 0 eng u
035 ## - SYSTEM CONTROL NUMBER
System control number (Sirsi) u109878
245 ## - TITLE STATEMENT
Title Cautious welcome for plans to curb red tape
260 ## - PUBLICATION, DISTRIBUTION, ETC.
Date of publication, distribution, etc. 2000
490 ## - SERIES STATEMENT
Series statement Financial Times
Volume/sequential designation 7 December 2000, 5(1)
520 ## - SUMMARY, ETC.
Summary, etc. Business leaders gave a cautious welcome to the regulatory reform bill announced in the Queen's Speech. This promises to cut red tape, and will make it easier for parliament to amend or repeal legislation regarded as obsolete or unnecessarily burdensome
590 ## - LOCAL NOTE (RLIN)
Local note WB
650 ## - SUBJECT ADDED ENTRY--TOPICAL TERM
Topical term or geographic name entry element DEREGULATION AND CONTRACTING OUT ACT 1994
650 ## - SUBJECT ADDED ENTRY--TOPICAL TERM
Topical term or geographic name entry element REGULATORY REFORM BILL
650 ## - SUBJECT ADDED ENTRY--TOPICAL TERM
Topical term or geographic name entry element QUEENS SPEECH
690 ## - LOCAL SUBJECT ADDED ENTRY--TOPICAL TERM (OCLC, RLIN)
Topical term or geographic name as entry element MANAGEMENT-BUSINESS MANAGEMENT
942 ## - ADDED ENTRY ELEMENTS (KOHA)
Suppress in OPAC 0
Holdings
Withdrawn status Lost status Source of classification or shelving scheme Damaged status Not for loan Home library Current library Shelving location Date acquired Total Checkouts Full call number Barcode Date last seen Copy number Price effective from Koha item type
    Dewey Decimal Classification     London London News article 07/12/2000   WB3648-06 109878-1001 06/08/2019 1 06/08/2019 News article